Creación o evolución: ¿tiene algo que ver Dios?
Shranjeno v:
| Glavni avtor: | |
|---|---|
| Format: | Knjiga |
| Jezik: | španščina |
| Izdano: |
Madrid
Ciudad Nueva
1997
|
| Serija: | Cuestiones, 11
|
| Teme: | |
| Oznake: |
Označite
Brez oznak, prvi označite!
|
MARC
| LEADER | 00000nam a2200000 a 4500 | ||
|---|---|---|---|
| 001 | UCN2480 | ||
| 003 | CL-VaPUC | ||
| 008 | 010530e19970000SP |||||||||||||||||spa|d | ||
| 082 | 0 | 4 | |a 213 |b DAV |2 21 |
| 100 | 0 | |a David, Robert |e author |9 458414 | |
| 245 | 1 | 0 | |a Creación o evolución: ¿tiene algo que ver Dios? |
| 300 | |a 62 p | ||
| 942 | |c BK | ||
| 945 | |d 20010530 00:00:00 |a vberengu | ||
| 260 | |a Madrid |b Ciudad Nueva |c 1997 | ||
| 600 | 0 | |a Dios |9 314467 | |
| 650 | 0 | |a Origen de la vida |9 262152 | |
| 650 | 0 | |a Evolución |9 259442 | |
| 583 | |a last modification |c 20010530 00:00:00 |k Rodrigo Vera | ||
| 490 | 0 | |a Cuestiones, 11 | |
| 999 | |c 295581 |d 295579 | ||
| 952 | |0 0 |1 1 |2 ddc |4 0 |6 213_000000000000000_DAV_1997 |7 0 |8 A |9 348842 |a BIBTEO |b BIBTEO |d 2019-11-20 |i 3678997 |l 1 |o 213 DAV 1997 |p 3678997 |r 2021-11-18 |s 2020-07-31 |w 2019-11-20 |y BK |k ICR | ||